[Event "Villarobledo Online Qualifyer"]
[Site "playchess.com #155672"]
[Date "2009.05.23"]
[Round "2"]
[White "Direchess"]
[Black "HappyTriggerFool"]
[Result "0-1"]
[WhiteElo "2054"]
[BlackElo "2480"]
[PlyCount "122"]
[EventDate "2009.05.23"]
[EventType "swiss (blitz)"]

1. e4 {[%emt 0:00:01]} d6 {[%emt 0:00:01]} 2. d4 {[%emt 0:00:05]} g6 {[%emt 0:
00:01]} 3. Nc3 {[%emt 0:00:00]} Bg7 {[%emt 0:00:01]} 4. f4 {[%emt 0:00:00]} c5
{[%emt 0:00:02]} 5. Be3 {[%emt 0:00:03]} cxd4 {[%emt 0:00:03]} 6. Bxd4 {[%emt
0:00:00]} Nf6 {[%emt 0:00:01]} 7. Nf3 {[%emt 0:00:03]} Nc6 {[%emt 0:00:02]} 8.
Be3 {[%emt 0:00:13]} O-O {[%emt 0:00:02]} 9. h3 {[%emt 0:00:01]} Nh5 {[%emt 0:
00:05]} 10. Qd2 {[%emt 0:00:07]} Ng3 {[%emt 0:00:02]} 11. Rg1 {[%emt 0:00:01]}
Bxc3 {[%emt 0:00:11]} 12. Qxc3 {[%emt 0:00:03]} Nxe4 {[%emt 0:00:01]} 13. Qb3 {
[%emt 0:00:23]} Be6 {[%emt 0:00:34]} 14. Qa4 {[%emt 0:00:13]} Qa5+ {[%emt 0:00:
04]} 15. Qxa5 {[%emt 0:00:04]} Nxa5 {[%emt 0:00:01]} 16. Nd4 {[%emt 0:00:03]}
Bd5 {[%emt 0:00:06]} 17. O-O-O {[%emt 0:00:35]} a6 {[%emt 0:00:28]} 18. Kb1 {
[%emt 0:00:02]} Rac8 {[%emt 0:00:06]} 19. g4 {[%emt 0:00:04]} Nc4 {[%emt 0:00:
07]} 20. Bc1 {[%emt 0:00:03]} Na3+ {[%emt 0:00:17]} 21. Ka1 {[%emt 0:00:10]}
Nxc2+ {[%emt 0:00:10]} 22. Nxc2 {[%emt 0:00:06]} Rxc2 {[%emt 0:00:01]} 23. Bd3
{[%emt 0:00:01]} Rh2 {[%emt 0:00:11]} 24. f5 {[%emt 0:00:19]} Rxh3 {[%emt 0:00:
08]} 25. fxg6 {[%emt 0:00:02]} Nf2 {[%emt 0:00:26]} 26. gxh7+ {[%emt 0:00:03]}
Kh8 {[%emt 0:00:02]} 27. Bf1 {[%emt 0:00:06]} Nxd1 {[%emt 0:00:07]} 28. Bxh3 {
[%emt 0:00:01]} Nf2 {[%emt 0:00:01]} 29. Bf1 {[%emt 0:00:02]} Kxh7 {[%emt 0:00:
01]} 30. Be3 {[%emt 0:00:01]} Ne4 {[%emt 0:00:06]} 31. Bd3 {[%emt 0:00:00]} Kg7
{[%emt 0:00:02]} 32. Bd4+ {[%emt 0:00:01]} e5 {[%emt 0:00:01]} 33. Be3 {[%emt
0:00:03]} Rh8 {[%emt 0:00:06]} 34. Bf1 {[%emt 0:00:24]} Nc5 {[%emt 0:00:07]}
35. b3 {[%emt 0:00:05]} Rh1 {[%emt 0:00:01]} 36. Bxc5 {[%emt 0:00:02]} dxc5 {
[%emt 0:00:02]} 37. Rxh1 {[%emt 0:00:06]} Bxh1 {[%emt 0:00:01]} 38. Kb2 {[%emt
0:00:00]} Bf3 {[%emt 0:00:01]} 39. Bh3 {[%emt 0:00:01]} Kg6 {[%emt 0:00:02]}
40. Kc3 {[%emt 0:00:01]} b5 {[%emt 0:00:01]} 41. a4 {[%emt 0:00:01]} Kg5 {
[%emt 0:00:01]} 42. axb5 {[%emt 0:00:03]} axb5 {[%emt 0:00:01]} 43. Bf1 {[%emt
0:00:01]} Bc6 {[%emt 0:00:04]} 44. Be2 {[%emt 0:00:02]} Kf4 {[%emt 0:00:02]}
45. b4 {[%emt 0:00:01]} cxb4+ {[%emt 0:00:05]} 46. Kxb4 {[%emt 0:00:00]} Bd7 {
[%emt 0:00:01]} 47. Kc5 {[%emt 0:00:02]} Bxg4 {[%emt 0:00:01]} 48. Bxb5 {[%emt
0:00:02]} f5 {[%emt 0:00:01]} 49. Kd5 {[%emt 0:00:01]} Bf3+ {[%emt 0:00:01]}
50. Ke6 {[%emt 0:00:03]} e4 {[%emt 0:00:01]} 51. Kf6 {[%emt 0:00:04]} e3 {
[%emt 0:00:01]} 52. Bd7 {[%emt 0:00:00]} e2 {[%emt 0:00:01]} 53. Bxf5 {[%emt 0:
00:00]} e1=Q {[%emt 0:00:01]} 54. Kg6 {[%emt 0:00:02]} Qg3+ {[%emt 0:00:02]}
55. Kf6 {[%emt 0:00:02]} Qg5+ {[%emt 0:00:01]} 56. Kf7 {[%emt 0:00:00]} Qxf5+ {
[%emt 0:00:01]} 57. Kg7 {[%emt 0:00:00]} Qe6 {[%emt 0:00:03]} 58. Kf8 {[%emt 0:
00:01]} Qd7 {[%emt 0:00:01]} 59. Kg8 {[%emt 0:00:01]} Kf5 {[%emt 0:00:01]} 60.
Kh8 {[%emt 0:00:02]} Kg6 {[%emt 0:00:01]} 61. Kg8 {[%emt 0:00:00]} Qg7# {[%emt
0:00:01]} 0-1

[Event "Villarobledo Online Qualifyer"]
[Site "playchess.com #155672"]
[Date "2009.05.23"]
[Round "2"]
[White "Byrdmanjr"]
[Black "Too Easy"]
[Result "1-0"]
[WhiteElo "1959"]
[BlackElo "1592"]
[PlyCount "83"]
[EventDate "2009.05.23"]
[EventType "swiss (blitz)"]

1. d4 {[%emt 0:00:03]} Nf6 {[%emt 0:00:02]} 2. Nf3 {[%emt 0:00:01]} g6 {[%emt
0:00:01]} 3. Nc3 {[%emt 0:00:02]} d5 {[%emt 0:00:01]} 4. Bf4 {[%emt 0:00:02]}
Bg7 {[%emt 0:00:01]} 5. e3 {[%emt 0:00:01]} O-O {[%emt 0:00:10]} 6. Be2 {[%emt
0:00:05]} c5 {[%emt 0:00:10]} 7. O-O {[%emt 0:00:06]} cxd4 {[%emt 0:00:01]} 8.
exd4 {[%emt 0:00:03]} Nc6 {[%emt 0:00:06]} 9. Ne5 {[%emt 0:00:04]} Qb6 {[%emt
0:00:22]} 10. Nxc6 {[%emt 0:00:02]} Qxc6 {[%emt 0:00:07]} 11. Bb5 {[%emt 0:00:
02]} Qb6 {[%emt 0:00:05]} 12. a4 {[%emt 0:00:03]} a6 {[%emt 0:00:01]} 13. a5 {
[%emt 0:00:01]} Qd8 {[%emt 0:00:02]} 14. Be2 {[%emt 0:00:18]} Bf5 {[%emt 0:00:
03]} 15. g4 {[%emt 0:01:28]} Be6 {[%emt 0:00:35]} 16. Be5 {[%emt 0:00:02]} Rc8
{[%emt 0:00:26]} 17. h3 {[%emt 0:00:14]} Ne4 {[%emt 0:00:41]} 18. Nxe4 {[%emt
0:00:15]} Bxe5 {[%emt 0:00:05]} 19. dxe5 {[%emt 0:00:06]} dxe4 {[%emt 0:00:01]}
20. Qxd8 {[%emt 0:00:02]} Rfxd8 {[%emt 0:00:00]} 21. Rac1 {[%emt 0:00:03]} Rd2
{[%emt 0:00:04]} 22. Bd1 {[%emt 0:00:06]} h5 {[%emt 0:00:15]} 23. Re1 {[%emt 0:
00:03]} hxg4 {[%emt 0:00:01]} 24. hxg4 {[%emt 0:00:06]} Bd5 {[%emt 0:00:18]}
25. Re3 {[%emt 0:00:10]} Rd8 {[%emt 0:00:02]} 26. Be2 {[%emt 0:00:04]} Bc6 {
[%emt 0:00:01]} 27. b4 {[%emt 0:00:08]} e6 {[%emt 0:00:01]} 28. c4 {[%emt 0:00:
06]} R8d4 {[%emt 0:00:06]} 29. b5 {[%emt 0:00:02]} axb5 {[%emt 0:00:01]} 30.
cxb5 {[%emt 0:00:00]} Be8 {[%emt 0:00:02]} 31. Rc8 {[%emt 0:00:05]} Kf8 {[%emt
0:00:01]} 32. a6 {[%emt 0:00:02]} bxa6 {[%emt 0:00:01]} 33. bxa6 {[%emt 0:00:
01]} Ra4 {[%emt 0:00:03]} 34. Bb5 {[%emt 0:00:04]} Ra1+ {[%emt 0:00:03]} 35.
Kg2 {[%emt 0:00:02]} Raa2 {[%emt 0:00:01]} 36. Rxe8+ {[%emt 0:00:02]} Kg7 {
[%emt 0:00:01]} 37. Re2 {[%emt 0:00:02]} Rxe2 {[%emt 0:00:03]} 38. Bxe2 {[%emt
0:00:00]} Rxe2 {[%emt 0:00:00]} 39. a7 {[%emt 0:00:00]} Ra2 {[%emt 0:00:00]}
40. a8=Q {[%emt 0:00:02]} Rxa8 {[%emt 0:00:01]} 41. Rxa8 {[%emt 0:00:00]} g5 {
[%emt 0:00:02]} 42. Ra4 {[%emt 0:00:01] Too Easy abandonne} 1-0

[Event "Villarobledo Online Qualifyer"]
[Site "playchess.com #155672"]
[Date "2009.05.23"]
[Round "2"]
[White "ZECE"]
[Black "Stefanovitch"]
[Result "1-0"]
[WhiteElo "2053"]
[BlackElo "1641"]
[PlyCount "107"]
[EventDate "2009.05.23"]
[EventType "swiss (blitz)"]

1. e4 {[%emt 0:00:03]} d5 {[%emt 0:00:01]} 2. exd5 {[%emt 0:00:02]} Qxd5 {
[%emt 0:00:02]} 3. Nf3 {[%emt 0:00:01]} Bg4 {[%emt 0:00:02]} 4. Be2 {[%emt 0:
00:02]} e6 {[%emt 0:00:02]} 5. O-O {[%emt 0:00:01]} Nf6 {[%emt 0:00:02]} 6. c4
{[%emt 0:00:01]} Qd6 {[%emt 0:00:04]} 7. d4 {[%emt 0:00:01]} Be7 {[%emt 0:00:
01]} 8. c5 {[%emt 0:00:01]} Qd8 {[%emt 0:00:02]} 9. Nc3 {[%emt 0:00:01]} O-O {
[%emt 0:00:04]} 10. h3 {[%emt 0:00:01]} Bxf3 {[%emt 0:00:02]} 11. Bxf3 {[%emt
0:00:02]} c6 {[%emt 0:00:00]} 12. Bg5 {[%emt 0:00:02]} Nd5 {[%emt 0:00:04]} 13.
Bxe7 {[%emt 0:00:03]} Qxe7 {[%emt 0:00:04]} 14. Ne4 {[%emt 0:00:02]} Nf6 {
[%emt 0:00:05]} 15. Nd6 {[%emt 0:00:04]} Ne8 {[%emt 0:00:03]} 16. Ne4 {[%emt 0:
00:02]} Nf6 {[%emt 0:00:02]} 17. Qc2 {[%emt 0:00:08]} Nxe4 {[%emt 0:00:02]} 18.
Bxe4 {[%emt 0:00:01]} g6 {[%emt 0:00:02]} 19. Rad1 {[%emt 0:00:02]} Nd7 {[%emt
0:00:06]} 20. Rfe1 {[%emt 0:00:05]} Nf6 {[%emt 0:00:04]} 21. Bd3 {[%emt 0:00:
02]} Rfd8 {[%emt 0:00:07]} 22. Bf1 {[%emt 0:00:04]} Nd5 {[%emt 0:00:17]} 23.
Qe4 {[%emt 0:00:06]} Rd7 {[%emt 0:00:11]} 24. Rd3 {[%emt 0:00:04]} Rad8 {[%emt
0:00:03]} 25. Red1 {[%emt 0:00:02]} Nb4 {[%emt 0:00:15]} 26. Ra3 {[%emt 0:00:
09]} a6 {[%emt 0:00:03]} 27. Bc4 {[%emt 0:00:12]} Qf6 {[%emt 0:00:06]} 28. Rf3
{[%emt 0:00:05]} Qg7 {[%emt 0:00:04]} 29. a3 {[%emt 0:00:02]} Rxd4 {[%emt 0:00:
08]} 30. Rxd4 {[%emt 0:00:04]} Rxd4 {[%emt 0:00:01]} 31. Qe2 {[%emt 0:00:16]}
Nd5 {[%emt 0:00:28]} 32. Rb3 {[%emt 0:00:03]} Nf4 {[%emt 0:00:12]} 33. Qc2 {
[%emt 0:00:07]} f5 {[%emt 0:00:11]} 34. Bf1 {[%emt 0:00:15]} Nd5 {[%emt 0:00:
08]} 35. Qe2 {[%emt 0:00:09]} Re4 {[%emt 0:00:05]} 36. Qd2 {[%emt 0:00:10]} Rd4
{[%emt 0:00:02]} 37. Qg5 {[%emt 0:00:05]} Ne7 {[%emt 0:00:11]} 38. Rxb7 {[%emt
0:00:02]} Kf8 {[%emt 0:00:06]} 39. Bxa6 {[%emt 0:00:13]} h6 {[%emt 0:00:03]}
40. Qe3 {[%emt 0:00:03]} Re4 {[%emt 0:00:04]} 41. Qg3 {[%emt 0:00:10]} Qd4 {
[%emt 0:00:06]} 42. b4 {[%emt 0:00:34]} f4 {[%emt 0:00:09]} 43. Qh4 {[%emt 0:
00:04]} Re1+ {[%emt 0:00:07]} 44. Kh2 {[%emt 0:00:02]} g5 {[%emt 0:00:21]} 45.
Qxh6+ {[%emt 0:00:01]} Kf7 {[%emt 0:00:03]} 46. Qh7+ {[%emt 0:00:03]} Kf6 {
[%emt 0:00:01]} 47. Qxe7+ {[%emt 0:00:02]} Kf5 {[%emt 0:00:01]} 48. Qh7+ {
[%emt 0:00:04]} Ke5 {[%emt 0:00:02]} 49. Qg7+ {[%emt 0:00:01]} Ke4 {[%emt 0:00:
01]} 50. Qg6+ {[%emt 0:00:04]} Kd5 {[%emt 0:00:02]} 51. Qxg5+ {[%emt 0:00:02]}
e5 {[%emt 0:00:04]} 52. Rd7+ {[%emt 0:00:02]} Ke6 {[%emt 0:00:03]} 53. Qe7+ {
[%emt 0:00:03]} Kf5 {[%emt 0:00:01]} 54. Rxd4 {[%emt 0:00:02] Temps} 1-0

[Event "Villarobledo Online Qualifyer"]
[Site "playchess.com #155672"]
[Date "2009.05.23"]
[Round "2"]
[White "Xtadox"]
[Black "Eddie"]
[Result "0-1"]
[WhiteElo "1585"]
[BlackElo "1932"]
[PlyCount "114"]
[EventDate "2009.05.23"]
[EventType "swiss (blitz)"]

1. d4 {[%emt 0:00:02]} Nf6 {[%emt 0:00:02]} 2. c4 {[%emt 0:00:00]} e6 {[%emt 0:
00:01]} 3. Nc3 {[%emt 0:00:00]} Bb4 {[%emt 0:00:01]} 4. Bg5 {[%emt 0:00:03]} d6
{[%emt 0:00:04]} 5. Nf3 {[%emt 0:00:04]} Nbd7 {[%emt 0:00:05]} 6. e3 {[%emt 0:
00:01]} O-O {[%emt 0:00:01]} 7. Bd3 {[%emt 0:00:05]} h6 {[%emt 0:00:01]} 8. Bh4
{[%emt 0:00:09]} c5 {[%emt 0:00:02]} 9. Qc2 {[%emt 0:00:02]} e5 {[%emt 0:00:03]
} 10. Bh7+ {[%emt 0:00:04]} Kh8 {[%emt 0:00:02]} 11. d5 {[%emt 0:00:02]} Bxc3+
{[%emt 0:00:09]} 12. bxc3 {[%emt 0:00:03]} e4 {[%emt 0:00:01]} 13. Bxe4 {[%emt
0:00:05]} Re8 {[%emt 0:00:03]} 14. Bf5 {[%emt 0:00:07]} g5 {[%emt 0:00:09]} 15.
Bxd7 {[%emt 0:00:08]} Bxd7 {[%emt 0:00:03]} 16. Nxg5 {[%emt 0:00:06]} hxg5 {
[%emt 0:00:07]} 17. Bxg5 {[%emt 0:00:00]} Re5 {[%emt 0:00:05]} 18. h4 {[%emt 0:
00:09]} Bf5 {[%emt 0:00:02]} 19. Qb2 {[%emt 0:00:08]} Bh7 {[%emt 0:00:28]} 20.
Rh3 {[%emt 0:00:16]} Kg7 {[%emt 0:00:15]} 21. Rg3 {[%emt 0:00:06]} Kf8 {[%emt
0:00:07]} 22. Qxb7 {[%emt 0:00:06]} Rb8 {[%emt 0:00:03]} 23. Qxa7 {[%emt 0:00:
16]} Rb2 {[%emt 0:00:10]} 24. Rf3 {[%emt 0:00:42]} Qd7 {[%emt 0:00:02]} 25.
Qa8+ {[%emt 0:00:07]} Qe8 {[%emt 0:00:02]} 26. Qxe8+ {[%emt 0:00:04]} Nxe8 {
[%emt 0:00:03]} 27. Bh6+ {[%emt 0:00:02]} Ke7 {[%emt 0:00:07]} 28. Bg5+ {[%emt
0:00:05]} f6 {[%emt 0:00:02]} 29. Bf4 {[%emt 0:00:03]} Re4 {[%emt 0:00:09]} 30.
a4 {[%emt 0:00:08]} Rxc4 {[%emt 0:00:09]} 31. a5 {[%emt 0:00:11]} Bd3 {[%emt 0:
00:01]} 32. a6 {[%emt 0:00:18]} Rb1+ {[%emt 0:00:29] '} 33. Rxb1 {[%emt 0:00:
09]} Bxb1 {[%emt 0:00:00]} 34. Kd2 {[%emt 0:00:01]} Ra4 {[%emt 0:00:03]} 35. g4
{[%emt 0:00:02]} Rxa6 {[%emt 0:00:05]} 36. g5 {[%emt 0:00:00]} Ra2+ {[%emt 0:
00:07]} 37. Ke1 {[%emt 0:00:02]} Be4 {[%emt 0:00:02]} 38. gxf6+ {[%emt 0:00:01]
} Nxf6 {[%emt 0:00:03]} 39. Rg3 {[%emt 0:00:03]} Nh5 {[%emt 0:00:08]} 40. Rg5 {
[%emt 0:00:02]} Nxf4 {[%emt 0:00:04]} 41. exf4 {[%emt 0:00:00]} Bf3 {[%emt 0:
00:05]} 42. Rg3 {[%emt 0:00:02]} Bxd5 {[%emt 0:00:09]} 43. Re3+ {[%emt 0:00:01]
} Kf6 {[%emt 0:00:03]} 44. Kf1 {[%emt 0:00:03]} Ra1+ {[%emt 0:00:06]} 45. Ke2 {
[%emt 0:00:01]} Rh1 {[%emt 0:00:02]} 46. Rd3 {[%emt 0:00:04]} Bc4 {[%emt 0:00:
09]} 47. Ke3 {[%emt 0:00:03]} Bxd3 {[%emt 0:00:01]} 48. Kxd3 {[%emt 0:00:00]}
Rxh4 {[%emt 0:00:01]} 49. Kc4 {[%emt 0:00:00]} Rxf4+ {[%emt 0:00:01]} 50. Kd5 {
[%emt 0:00:00]} Ke7 {[%emt 0:00:06]} 51. c4 {[%emt 0:00:03]} Rd4+ {[%emt 0:00:
03]} 52. Kc6 {[%emt 0:00:02]} Rxc4 {[%emt 0:00:01]} 53. f4 {[%emt 0:00:00]}
Rxf4 {[%emt 0:00:01]} 54. Kd5 {[%emt 0:00:00]} c4 {[%emt 0:00:01]} 55. Kc6 {
[%emt 0:00:00]} c3 {[%emt 0:00:01]} 56. Kd5 {[%emt 0:00:00]} c2 {[%emt 0:00:01]
} 57. Kc6 {[%emt 0:00:00]} c1=Q+ {[%emt 0:00:01] Xtadox je predal(a) partijo}
0-1

[Event "Villarobledo Online Qualifyer"]
[Site "playchess.com #155672"]
[Date "2009.05.23"]
[Round "2"]
[White "Pra120"]
[Black "BigBee"]
[Result "1-0"]
[WhiteElo "1491"]
[BlackElo "1802"]
[PlyCount "117"]
[EventDate "2009.05.23"]
[EventType "swiss (blitz)"]

1. e4 {[%emt 0:00:01]} c6 {[%emt 0:00:01]} 2. Nf3 {[%emt 0:00:00]} d5 {[%emt 0:
00:01]} 3. exd5 {[%emt 0:00:00]} cxd5 {[%emt 0:00:00]} 4. d4 {[%emt 0:00:00]}
Nc6 {[%emt 0:00:01]} 5. c4 {[%emt 0:00:00]} Nf6 {[%emt 0:00:01]} 6. Nc3 {[%emt
0:00:03]} Bg4 {[%emt 0:00:02]} 7. Be2 {[%emt 0:00:03]} e6 {[%emt 0:00:01]} 8.
Ne5 {[%emt 0:00:04]} Bxe2 {[%emt 0:00:03]} 9. Nxe2 {[%emt 0:00:07]} Qa5+ {
[%emt 0:00:19]} 10. Bd2 {[%emt 0:00:10]} Qc7 {[%emt 0:00:04]} 11. Nxc6 {[%emt
0:00:12]} Qxc6 {[%emt 0:00:02]} 12. cxd5 {[%emt 0:00:02]} Nxd5 {[%emt 0:00:07]}
13. O-O {[%emt 0:00:04]} Bd6 {[%emt 0:00:03]} 14. Rc1 {[%emt 0:00:04]} Qb6 {
[%emt 0:00:03]} 15. Qa4+ {[%emt 0:00:02]} Ke7 {[%emt 0:00:07]} 16. Ba5 {[%emt
0:00:15]} Qa6 {[%emt 0:00:06]} 17. Nc3 {[%emt 0:00:41]} Nxc3 {[%emt 0:00:25]}
18. Rxc3 {[%emt 0:00:20]} Rhc8 {[%emt 0:00:02]} 19. b3 {[%emt 0:00:18]} b6 {
[%emt 0:00:02]} 20. Rfc1 {[%emt 0:00:15]} Rxc3 {[%emt 0:00:05]} 21. Bxc3 {
[%emt 0:00:03]} Qxa4 {[%emt 0:00:02]} 22. bxa4 {[%emt 0:00:01]} Rc8 {[%emt 0:
00:02]} 23. Bb2 {[%emt 0:00:06]} Rxc1+ {[%emt 0:00:03]} 24. Bxc1 {[%emt 0:00:
02]} g6 {[%emt 0:00:03]} 25. Bd2 {[%emt 0:00:04]} Kd7 {[%emt 0:00:01]} 26. a5 {
[%emt 0:00:01]} b5 {[%emt 0:00:01]} 27. Kf1 {[%emt 0:00:05]} a6 {[%emt 0:00:01]
} 28. g3 {[%emt 0:00:05]} Kc6 {[%emt 0:00:01]} 29. Ke2 {[%emt 0:00:01]} Kd5 {
[%emt 0:00:01]} 30. Kd3 {[%emt 0:00:01]} Ba3 {[%emt 0:00:05]} 31. Bg5 {[%emt 0:
00:21]} Bb4 {[%emt 0:00:05]} 32. Bd8 {[%emt 0:00:02]} Be1 {[%emt 0:00:05]} 33.
f4 {[%emt 0:00:04]} h5 {[%emt 0:00:08]} 34. Bb6 {[%emt 0:00:04]} Bf2 {[%emt 0:
00:03]} 35. Bc5 {[%emt 0:00:11]} h4 {[%emt 0:00:07]} 36. gxh4 {[%emt 0:00:04]}
Bxh4 {[%emt 0:00:02]} 37. Bb6 {[%emt 0:00:02]} Bf2 {[%emt 0:00:03]} 38. Ba7 {
[%emt 0:00:03]} Bg1 {[%emt 0:00:02]} 39. h3 {[%emt 0:00:02]} Bh2 {[%emt 0:00:
02]} 40. Bb8 {[%emt 0:00:02]} g5 {[%emt 0:00:05]} 41. Be5 {[%emt 0:00:09]} gxf4
{[%emt 0:00:02]} 42. h4 {[%emt 0:00:02]} Bg3 {[%emt 0:00:02]} 43. h5 {[%emt 0:
00:01]} Bh4 {[%emt 0:00:15] '} 44. h6 {[%emt 0:00:01]} f6 {[%emt 0:00:01]} 45.
h7 {[%emt 0:00:01]} fxe5 {[%emt 0:00:01]} 46. h8=Q {[%emt 0:00:01]} e4+ {[%emt
0:00:02]} 47. Kd2 {[%emt 0:00:01]} Kc4 {[%emt 0:00:20]} 48. Qxh4 {[%emt 0:00:
04]} Kxd4 {[%emt 0:00:01]} 49. Qxf4 {[%emt 0:00:01]} Kd5 {[%emt 0:00:01]} 50.
Ke3 {[%emt 0:00:02]} b4 {[%emt 0:00:03]} 51. Qxe4+ {[%emt 0:00:00]} Kc5 {[%emt
0:00:01]} 52. Qxe6 {[%emt 0:00:02]} Kb5 {[%emt 0:00:01]} 53. Qb6+ {[%emt 0:00:
01]} Ka4 {[%emt 0:00:03]} 54. Qxa6 {[%emt 0:00:01]} Ka3 {[%emt 0:00:02]} 55.
Qb5 {[%emt 0:00:01]} Kxa2 {[%emt 0:00:01]} 56. Qxb4 {[%emt 0:00:01]} Ka1 {
[%emt 0:00:01]} 57. a6 {[%emt 0:00:00]} Ka2 {[%emt 0:00:01]} 58. a7 {[%emt 0:
00:00]} Ka1 {[%emt 0:00:01]} 59. a8=Q# {[%emt 0:00:00]} 1-0

[Event "Villarobledo Online Qualifyer"]
[Site "playchess.com #155672"]
[Date "2009.05.23"]
[Round "2"]
[White "DanyD"]
[Black "Manza"]
[Result "1-0"]
[WhiteElo "1815"]
[BlackElo "1551"]
[PlyCount "127"]
[EventDate "2009.05.23"]
[EventType "swiss (blitz)"]

1. c4 {[%emt 0:00:04]} Nf6 {[%emt 0:00:02]} 2. Nc3 {[%emt 0:00:01]} g6 {[%emt
0:00:01]} 3. e3 {[%emt 0:00:01]} Bg7 {[%emt 0:00:04]} 4. g3 {[%emt 0:00:01]} d6
{[%emt 0:00:01]} 5. Bg2 {[%emt 0:00:01]} Nbd7 {[%emt 0:00:01]} 6. a3 {[%emt 0:
00:01]} O-O {[%emt 0:00:07]} 7. Nge2 {[%emt 0:00:01]} Re8 {[%emt 0:00:04]} 8.
O-O {[%emt 0:00:01]} e5 {[%emt 0:00:02]} 9. d4 {[%emt 0:00:01]} Nb6 {[%emt 0:
00:10]} 10. b3 {[%emt 0:00:09]} d5 {[%emt 0:00:11]} 11. c5 {[%emt 0:00:03]}
Nbd7 {[%emt 0:00:06]} 12. Nxd5 {[%emt 0:00:20]} Nxd5 {[%emt 0:00:14]} 13. Bxd5
{[%emt 0:00:02]} exd4 {[%emt 0:00:12]} 14. exd4 {[%emt 0:00:51]} Nxc5 {[%emt 0:
00:32]} 15. Bc4 {[%emt 0:00:19]} Ne6 {[%emt 0:00:18]} 16. Be3 {[%emt 0:00:06]}
a6 {[%emt 0:00:08]} 17. Ra2 {[%emt 0:00:05]} c6 {[%emt 0:00:10]} 18. Rd2 {
[%emt 0:00:10]} b5 {[%emt 0:00:06]} 19. Bxe6 {[%emt 0:00:02]} Bxe6 {[%emt 0:00:
01]} 20. Nf4 {[%emt 0:00:11]} Qe7 {[%emt 0:00:14]} 21. Nxe6 {[%emt 0:00:03]}
Qxe6 {[%emt 0:00:01]} 22. Re1 {[%emt 0:00:17]} Rad8 {[%emt 0:00:10]} 23. a4 {
[%emt 0:00:16]} Bh6 {[%emt 0:00:06]} 24. Rde2 {[%emt 0:00:08]} Bxe3 {[%emt 0:
00:04]} 25. Rxe3 {[%emt 0:00:02]} Qd7 {[%emt 0:00:03]} 26. axb5 {[%emt 0:00:06]
} Rxe3 {[%emt 0:00:02]} 27. fxe3 {[%emt 0:00:05]} axb5 {[%emt 0:00:02]} 28. Qd3
{[%emt 0:00:02]} c5 {[%emt 0:00:04]} 29. Rd1 {[%emt 0:00:03]} cxd4 {[%emt 0:00:
02]} 30. exd4 {[%emt 0:00:03]} Qd5 {[%emt 0:00:01]} 31. Kf2 {[%emt 0:00:04]}
Re8 {[%emt 0:00:01]} 32. Qf3 {[%emt 0:00:03]} Qxf3+ {[%emt 0:00:03]} 33. Kxf3 {
[%emt 0:00:02]} f5 {[%emt 0:00:02]} 34. h4 {[%emt 0:00:03]} Kf7 {[%emt 0:00:01]
} 35. Kf2 {[%emt 0:00:02]} Rd8 {[%emt 0:00:02]} 36. Ke3 {[%emt 0:00:01]} Ke6 {
[%emt 0:00:01]} 37. Kf4 {[%emt 0:00:01]} Kf6 {[%emt 0:00:03]} 38. g4 {[%emt 0:
00:02]} fxg4 {[%emt 0:00:02]} 39. Kxg4 {[%emt 0:00:00]} Re8 {[%emt 0:00:03]}
40. Kf4 {[%emt 0:00:03]} h5 {[%emt 0:00:03]} 41. d5 {[%emt 0:00:02]} Rd8 {
[%emt 0:00:01]} 42. d6 {[%emt 0:00:03]} Ke6 {[%emt 0:00:01]} 43. Kg5 {[%emt 0:
00:05]} Rxd6 {[%emt 0:00:04]} 44. Rxd6+ {[%emt 0:00:02]} Kxd6 {[%emt 0:00:01]}
45. Kxg6 {[%emt 0:00:00]} Kd5 {[%emt 0:00:01]} 46. Kxh5 {[%emt 0:00:00]} Kd4 {
[%emt 0:00:01]} 47. Kg6 {[%emt 0:00:00]} Kc3 {[%emt 0:00:00]} 48. h5 {[%emt 0:
00:01]} Kxb3 {[%emt 0:00:00]} 49. h6 {[%emt 0:00:00]} Ka3 {[%emt 0:00:00]} 50.
h7 {[%emt 0:00:00]} b4 {[%emt 0:00:00]} 51. h8=Q {[%emt 0:00:00]} b3 {[%emt 0:
00:00]} 52. Qa8+ {[%emt 0:00:03]} Kb2 {[%emt 0:00:01]} 53. Qg2+ {[%emt 0:00:04]
} Ka3 {[%emt 0:00:01]} 54. Qe4 {[%emt 0:00:06]} Ka2 {[%emt 0:00:02]} 55. Qa4+ {
[%emt 0:00:02]} Kb2 {[%emt 0:00:01]} 56. Kf5 {[%emt 0:00:02]} Kc2 {[%emt 0:00:
01]} 57. Qc4+ {[%emt 0:00:02]} Kb2 {[%emt 0:00:01]} 58. Ke4 {[%emt 0:00:01]}
Ka3 {[%emt 0:00:02]} 59. Qa6+ {[%emt 0:00:02]} Kb2 {[%emt 0:00:01]} 60. Kd4 {
[%emt 0:00:07]} Kc2 {[%emt 0:00:01]} 61. Qc4+ {[%emt 0:00:02]} Kb2 {[%emt 0:00:
02]} 62. Qc3+ {[%emt 0:00:01]} Ka3 {[%emt 0:00:01]} 63. Kc4 {[%emt 0:00:06]}
Ka2 {[%emt 0:00:03]} 64. Qxb3+ {[%emt 0:00:07] Manza rinde} 1-0

[Event "Villarobledo Online Qualifyer"]
[Site "playchess.com #155672"]
[Date "2009.05.23"]
[Round "2"]
[White "Hauberk"]
[Black "Torresh"]
[Result "0-1"]
[WhiteElo "2403"]
[BlackElo "2014"]
[PlyCount "82"]
[EventDate "2009.05.23"]
[EventType "swiss (blitz)"]

1. e4 {[%emt 0:00:00]} c5 {[%emt 0:00:17]} 2. Nc3 {[%emt 0:00:02]} Nc6 {[%emt
0:00:02]} 3. Nge2 {[%emt 0:00:02]} d6 {[%emt 0:00:17]} 4. g3 {[%emt 0:00:05]}
g6 {[%emt 0:00:03]} 5. f4 {[%emt 0:00:05]} Bg7 {[%emt 0:00:02]} 6. Bg2 {[%emt
0:00:01]} e6 {[%emt 0:00:05]} 7. O-O {[%emt 0:00:02]} Nge7 {[%emt 0:00:02]} 8.
f5 {[%emt 0:00:01]} exf5 {[%emt 0:00:30]} 9. d3 {[%emt 0:00:01]} h6 {[%emt 0:
00:12]} 10. Be3 {[%emt 0:00:34]} O-O {[%emt 0:00:05]} 11. Qd2 {[%emt 0:00:09]}
Kh7 {[%emt 0:00:03]} 12. Nf4 {[%emt 0:00:04]} Nd4 {[%emt 0:00:08]} 13. Ncd5 {
[%emt 0:00:04]} Be6 {[%emt 0:00:12]} 14. c3 {[%emt 0:00:02]} Ndc6 {[%emt 0:00:
08]} 15. h3 {[%emt 0:00:23]} Ne5 {[%emt 0:00:13]} 16. b3 {[%emt 0:00:27]} N7c6
{[%emt 0:00:13]} 17. d4 {[%emt 0:00:13]} cxd4 {[%emt 0:00:01]} 18. cxd4 {[%emt
0:00:01]} Nd7 {[%emt 0:00:01]} 19. exf5 {[%emt 0:00:31]} Bxf5 {[%emt 0:00:04]}
20. g4 {[%emt 0:00:01]} Be6 {[%emt 0:00:03]} 21. Nxe6 {[%emt 0:00:08]} fxe6 {
[%emt 0:00:02]} 22. Nf4 {[%emt 0:00:01]} e5 {[%emt 0:00:15]} 23. Nxg6 {[%emt 0:
00:12]} Rxf1+ {[%emt 0:00:07]} 24. Rxf1 {[%emt 0:00:02]} exd4 {[%emt 0:00:05]}
25. Qd3 {[%emt 0:00:05]} Nf6 {[%emt 0:00:31]} 26. Ne7+ {[%emt 0:00:16] .} Kh8 {
[%emt 0:00:02]} 27. Nxc6 {[%emt 0:00:01]} bxc6 {[%emt 0:00:02]} 28. Bxd4 {
[%emt 0:00:01]} c5 {[%emt 0:00:07]} 29. Bxf6 {[%emt 0:00:02]} Bxf6 {[%emt 0:00:
01]} 30. Bxa8 {[%emt 0:00:01]} Bd4+ {[%emt 0:00:01]} 31. Kh2 {[%emt 0:00:01]}
Qxa8 {[%emt 0:00:01]} 32. Rf7 {[%emt 0:00:02]} Qg8 {[%emt 0:00:03]} 33. Qf5 {
[%emt 0:00:06]} Bg7 {[%emt 0:00:04]} 34. Qg6 {[%emt 0:00:07]} d5 {[%emt 0:00:
02]} 35. Rxa7 {[%emt 0:00:02]} Qb8+ {[%emt 0:00:02]} 36. Kg2 {[%emt 0:00:09]}
Qxa7 {[%emt 0:00:00]} 37. g5 {[%emt 0:00:01]} Qxa2+ {[%emt 0:00:02]} 38. Kg3 {
[%emt 0:00:02]} Qxb3+ {[%emt 0:00:02]} 39. Kg4 {[%emt 0:00:01]} Qd1+ {[%emt 0:
00:01]} 40. Kf4 {[%emt 0:00:01]} Qd2+ {[%emt 0:00:01]} 41. Kf5 {[%emt 0:00:02]}
Qd3+ {[%emt 0:00:01] Time} 0-1